00664nam a2200181 a 4500008004100000050001500041100002700056245003300083246002700116260004200143300001500185350000900200650001400209650003200223995008700255999001700342952012300359120416s1938 ||||||||||||||||| || u aHC 800 Fra aFrankel, Sally Herbert10aCapital investment in Africa aits course and effects aLondonbOxford University Pressc1938 axiv, 487p. a0.00 0aECONOMICS aCAPITAL INVESTMENTS--AFRICA D0.00FCBU-MAIN LIBRARY (Kitwe)H1I0.00M1UAVAILABLEZAnnex Low-Usage Collection  c36717d36717 00102lcc4070a001b001cAnnex Low-Usage Collection d2022-11-30l0oHC 800 Frap003273r2022-11-30w2022-11-30y002